Spieler, die Fallon Sherrock bei der Darts WM besiegten - Statistiken

Allgemein
  • Dieses Quiz wurde 68 mal gespielt
    7 seit der letzten Aktualisierung
  • Das Durchschnittsergebnis liegt bei 4 aus 6
Antwortstatistiken
Jahr Runde Nationalität Spieler % Korrekt
2026 1. Runde England Dave Chisnall
100%
2020 3. Runde England Chris Dobey
67%
2025 1. Runde England Ryan Meikle
67%
2022 1. Runde England Steve Beaton
67%
2024 1. Runde Niederlande Jermaine Wattimena
50%
2023 1. Runde England Ricky Evans
33%
Keine übereinstimmenden Quizze gefunden
Verteilung der Resultate
Anzahl Personen mit jedem Resultat
Perzentil nach korrekt beantworteten Fragen
Ihre Resultats-Entwicklung
Sie haben dieses Quiz seit der letzten Aktualisierung nicht gespielt